000 00452nam a22001697a 4500
003 OSt
005 20260217102730.0
008 260217b |||||||| |||| 00| 0 eng d
020 _a9781416958635
040 _cSIMON & SCHUSTER
050 _aPZ 7 .S559 2009
_b .S559 2009
245 _aEVERWILD/
_cNEAL SHUSTERMAN
250 _a1st edition
260 _aNEWYORK:
_bSIMON & SCHUSTER,
_c2009
300 _a424 Pages,
_ffiction
942 _2lcc
_cBK
_e1st ed.
_n0
999 _c9970
_d9970